[Event "SportAccord Basque 2014"]
[Site "Beijing CHN"]
[Date "2014.12.16"]
[Round "2.13"]
[White "Vachier-Lagrave, Maxime"]
[Black "Wojtaszek, Radoslaw"]
[Result "1-0"]
[WhiteTitle "GM"]
[BlackTitle "GM"]
[WhiteElo "2758"]
[BlackElo "2744"]
[WhiteFideId "623539"]
[BlackFideId "1118358"]
[EventDate "2014.12.16"]

1. e4 c5 2. Ne2 Nf6 3. Nbc3 d6 4. d4 cxd4 5. Nxd4 a6 6. Bc4 e6 7. Bb3 b5 8. O-O
Be7 9. Qf3 Qb6 10. Be3 Qb7 11. Qg3 O-O 12. Bh6 Ne8 13. Rad1 Bd7 14. Rfe1 Bf6 15.
Bg5 Bxg5 16. Qxg5 Nc6 17. a3 h6 18. Qe3 Rc8 19. f4 Nxd4 20. Rxd4 Bc6 21. h3 a5
22. g4 e5 23. fxe5 dxe5 24. Rd2 Qe7 25. Nd5 Bxd5 26. exd5 a4 27. Ba2 Nd6 28.
Qxe5 Qh4 29. Rde2 Rcd8 30. Kg2 Rfe8 31. Qg3 Rxe2+ 32. Rxe2 Qf6 33. c3 Qg6 34.
Qe1 Qg5 35. Re5 Qf4 36. Qe3 Qf6 37. Bb1 g6 38. Qd4 Kh7 39. Bd3 Rd7 40. Qe3 Kg7
41. Kg3 Rc7 42. Qf4 Qxf4+ 43. Kxf4 Kf6 44. h4 Kg7 45. Ke3 Kf6 46. Kd4 g5 47.
hxg5+ hxg5 48. Re2 Rc8 49. Rh2 Ke7 50. Rh6 Rb8 51. Rh5 Rg8 52. Kc5 Rc8+ 53. Kb4
Nc4 54. Rxg5 Nxb2 55. Bxb5 1-0

[Event "SportAccord Basque 2014"]
[Site "Beijing CHN"]
[Date "2014.12.16"]
[Round "2.14"]
[White "Wojtaszek, Radoslaw"]
[Black "Vachier-Lagrave, Maxime"]
[Result "1/2-1/2"]
[WhiteTitle "GM"]
[BlackTitle "GM"]
[WhiteElo "2744"]
[BlackElo "2758"]
[WhiteFideId "1118358"]
[BlackFideId "623539"]
[EventDate "2014.12.16"]

1. d4 Nf6 2. c4 g6 3. Nf3 Bg7 4. g3 O-O 5. Bg2 c5 6. Nc3 cxd4 7. Nxd4 Qc7 8. b3
d5 9. Ndb5 Qa5 10. Bd2 dxc4 11. bxc4 Qd8 12. O-O a6 13. Na3 Nc6 14. Rb1 Be6 15.
Rxb7 Na5 16. Rb4 Rc8 17. Bf4 Nxc4 18. Nxc4 Rxc4 19. Rxc4 Bxc4 20. Qa4 Qc8 21.
Rc1 Qe6 22. Bf3 h6 23. Ne4 Bb5 24. Nxf6+ Qxf6 25. Qb3 Qd4 26. Be3 Qd7 27. Rd1
Qc7 28. Rc1 Qd7 29. Rd1 Qc7 30. Rc1 1/2-1/2

[Event "SportAccord Basque 2014"]
[Site "Beijing CHN"]
[Date "2014.12.16"]
[Round "2.15"]
[White "Bacrot, Etienne"]
[Black "Wang, Hao"]
[Result "0-1"]
[WhiteTitle "GM"]
[BlackTitle "GM"]
[WhiteElo "2718"]
[BlackElo "2710"]
[WhiteFideId "605506"]
[BlackFideId "8602883"]
[EventDate "2014.12.16"]

1. d4 Nf6 2. c4 e6 3. Nf3 d5 4. Nc3 dxc4 5. e4 Bb4 6. Bg5 c5 7. Bxc4 cxd4 8.
Nxd4 Qa5 9. Bd2 Qc5 10. Bb5+ Bd7 11. Nb3 Qe7 12. Bd3 Nc6 13. O-O O-O 14. a3 Bd6
15. Bg5 h6 16. Bh4 Bf4 17. Ne2 e5 18. Nc3 g5 19. Bg3 Be6 20. Bb5 Rfd8 21. Qc2
Bxb3 22. Qxb3 Nd4 23. Qa2 Nxb5 24. Nxb5 Bxg3 25. hxg3 Nxe4 26. Rac1 a6 27. Nc3
Nf6 28. Rc2 Rd6 29. Re1 Rad8 30. Rce2 Re6 31. Qb1 Nd5 32. Nd1 Kg7 33. Qf5 Qf6
34. Qe4 Qe7 35. Qf5 f6 36. f3 Qd7 37. Nf2 Ne7 38. Qb1 Nc6 39. f4 Nd4 40. Re4
exf4 41. gxf4 Rxe4 42. Qxe4 Nc6 43. fxg5 hxg5 44. Re3 Qd4 45. Rb3 Rd7 46. Qf5
Re7 47. Rd3 Qxb2 48. Ng4 Qb6+ 49. Kh2 Qc7+ 50. g3 Re2+ 51. Kg1 Qb6+ 52. Re3 Ne5 0-1

[Event "SportAccord Basque 2014"]
[Site "Beijing CHN"]
[Date "2014.12.16"]
[Round "2.16"]
[White "Wang, Hao"]
[Black "Bacrot, Etienne"]
[Result "1-0"]
[WhiteTitle "GM"]
[BlackTitle "GM"]
[WhiteElo "2710"]
[BlackElo "2718"]
[WhiteFideId "8602883"]
[BlackFideId "605506"]
[EventDate "2014.12.16"]

1. d4 Nf6 2. c4 g6 3. Nc3 Bg7 4. e4 d6 5. Nf3 O-O 6. h3 e5 7. d5 Nh5 8. g3 a5 9.
Be3 Na6 10. Nd2 Bd7 11. Be2 Nf6 12. g4 c6 13. h4 cxd5 14. cxd5 Qb8 15. g5 Ne8
16. Nc4 Qd8 17. Bb6 Qe7 18. Nxa5 f5 19. Qb3 Bc8 20. f3 fxe4 21. fxe4 Rf4 22. Be3
Nac7 23. Nc4 b5 24. Nb6 b4 25. Qxb4 Rb8 26. Nxc8 Rxc8 27. O-O-O Qf7 28. Kb1 Ra8
29. Rc1 Bf8 30. h5 Be7 31. hxg6 hxg6 32. Bxf4 exf4 33. Qd4 Ng7 34. Qg1 Qe8 35.
Rf1 Rb8 36. Rxf4 1-0

[Event "SportAccord Basque 2014"]
[Site "Beijing CHN"]
[Date "2014.12.16"]
[Round "3.1"]
[White "Nepomniachtchi, Ian"]
[Black "Dominguez Perez, Leinier"]
[Result "1/2-1/2"]
[WhiteTitle "GM"]
[BlackTitle "GM"]
[WhiteElo "2714"]
[BlackElo "2726"]
[WhiteFideId "4168119"]
[BlackFideId "3503240"]
[EventDate "2014.12.16"]

1. Nf3 d5 2. g3 g6 3. c4 c6 4. Bg2 Bg7 5. O-O Nf6 6. d4 O-O 7. Nbd2 Bf5 8. b3
Ne4 9. Bb2 Qa5 10. a3 Nd7 11. Rc1 Rfc8 12. e3 Ndf6 13. h3 Nxd2 14. Nxd2 Ne4 15.
b4 Qd8 16. Nxe4 Bxe4 17. Bxe4 dxe4 18. Qc2 f5 19. Rfd1 e6 20. Rd2 Qe7 21. Rcd1
Rc7 22. Qb3 Rd8 23. d5 cxd5 24. Bxg7 Kxg7 25. cxd5 Rcd7 26. Qb2+ Qf6 27. Qa2 b6
28. d6 Qe5 29. Qc4 g5 30. Kg2 h5 31. Rd4 Kf6 32. a4 h4 33. g4 Rxd6 34. Rxd6 Rxd6
35. Qc8 Rd5 36. Qh8+ Kg6 37. Qh5+ Kf6 38. Rc1 f4 39. Qh6+ Ke7 40. Qh7+ Kf6 41.
Qh6+ Ke7 42. Qh7+ Kf6 43. Qh6+ Ke7 1/2-1/2

[Event "SportAccord Basque 2014"]
[Site "Beijing CHN"]
[Date "2014.12.16"]
[Round "3.2"]
[White "Dominguez Perez, Leinier"]
[Black "Nepomniachtchi, Ian"]
[Result "0-1"]
[WhiteTitle "GM"]
[BlackTitle "GM"]
[WhiteElo "2726"]
[BlackElo "2714"]
[WhiteFideId "3503240"]
[BlackFideId "4168119"]
[EventDate "2014.12.16"]

1. e4 c5 2. Nf3 d6 3. d4 cxd4 4. Nxd4 Nf6 5. Nc3 a6 6. f3 e5 7. Nb3 Be6 8. Be3
Be7 9. Qd2 Nbd7 10. g4 b5 11. O-O-O Nb6 12. g5 Nh5 13. Nd5 Nxd5 14. exd5 Bd7 15.
Na5 Qc7 16. Kb1 O-O 17. c4 f6 18. Rc1 b4 19. gxf6 Rxf6 20. Qxb4 Rb8 21. Qd2 Rxf3
22. Be2 Rh3 23. Bxh5 Rxh5 24. Ka1 Rh3 25. Nb3 Ba4 26. Rc3 Qd7 27. c5 dxc5 28.
Nxc5 Bxc5 29. Rxc5 Qf5 30. Rhc1 h6 31. d6 Kh7 32. Rc7 Rd8 33. Rg1 Rd7 34. Qg2 g5
35. Bc5 Rf3 36. Qe2 e4 37. Rxd7+ Bxd7 38. Rc1 Bb5 39. Qd2 Rd3 40. Qe1 Qf4 41.
Rc3 Rd5 42. a3 Qe5 43. Qf2 Rd1+ 44. Ka2 Qd5+ 45. Rb3 Bc4 0-1

[Event "SportAccord Basque 2014"]
[Site "Beijing CHN"]
[Date "2014.12.16"]
[Round "3.5"]
[White "Aronian, Levon"]
[Black "Harikrishna, Pentala"]
[Result "0-1"]
[WhiteTitle "GM"]
[BlackTitle "GM"]
[WhiteElo "2797"]
[BlackElo "2727"]
[WhiteFideId "13300474"]
[BlackFideId "5007003"]
[EventDate "2014.12.16"]

1. Nf3 Nf6 2. c4 e6 3. g3 b6 4. Bg2 Bb7 5. O-O c5 6. Nc3 Nc6 7. e4 Be7 8. d4
cxd4 9. Nxd4 Nxd4 10. Qxd4 Bc5 11. Qd3 e5 12. h3 O-O 13. a3 a5 14. Na4 d6 15.
Rd1 Bc6 16. Nxc5 dxc5 17. Qc2 Qe7 18. a4 Qb7 19. Re1 h6 20. b3 Rfe8 21. Bb2 Rad8
22. h4 Rd7 23. f3 Nh5 24. Kf2 Rd6 25. Rad1 Rg6 26. g4 Nf4 27. h5 Rf6 28. Rh1 Qc7
29. Rd5 Bxd5 30. cxd5 c4 31. Bf1 Qc5+ 32. Kg3 Qe3 33. Qd1 c3 34. Bc1 c2 35. Qd2
Nxh5+ 36. Kh2 Qxd2+ 37. Bxd2 Rxf3 38. Kg2 Rg3+ 39. Kf2 Nf6 40. Kxg3 Nxe4+ 41.
Kg2 Nxd2 42. Bd3 Rc8 43. d6 Nxb3 44. d7 Rd8 45. Bxc2 Nc5 46. Kf3 Rxd7 47. Ke3
Rd4 48. Rb1 Rc4 0-1

[Event "SportAccord Basque 2014"]
[Site "Beijing CHN"]
[Date "2014.12.16"]
[Round "3.6"]
[White "Harikrishna, Pentala"]
[Black "Aronian, Levon"]
[Result "1/2-1/2"]
[WhiteTitle "GM"]
[BlackTitle "GM"]
[WhiteElo "2727"]
[BlackElo "2797"]
[WhiteFideId "5007003"]
[BlackFideId "13300474"]
[EventDate "2014.12.16"]

1. e4 e5 2. Nf3 Nc6 3. Bc4 Bc5 4. d3 Nf6 5. Nbd2 d6 6. c3 a6 7. Bb3 O-O 8. O-O
Be6 9. Nc4 b5 10. Ne3 Bxb3 11. axb3 d5 12. Qc2 Qd7 13. Nf5 Qe6 14. Ng5 Qd7 15.
Nf3 Qe6 16. Ng5 Qd7 17. Nf3 Qe6 18. Ng5 1/2-1/2

[Event "SportAccord Basque 2014"]
[Site "Beijing CHN"]
[Date "2014.12.16"]
[Round "3.7"]
[White "Gelfand, Boris"]
[Black "Leko, Peter"]
[Result "1/2-1/2"]
[WhiteTitle "GM"]
[BlackTitle "GM"]
[WhiteElo "2743"]
[BlackElo "2723"]
[WhiteFideId "2805677"]
[BlackFideId "703303"]
[EventDate "2014.12.16"]

1. d4 Nf6 2. c4 e6 3. Nf3 b6 4. g3 Ba6 5. Nbd2 Bb4 6. Qb3 c5 7. Bg2 Nc6 8. O-O
cxd4 9. Qa4 Bxd2 10. Bxd2 Qc8 11. Bf4 O-O 12. Rfd1 Re8 13. Nxd4 Nxd4 14. Rxd4 e5
15. Rd6 Rb8 16. Bg5 Qxc4 17. Qa3 Bb7 18. Bxb7 Rxb7 19. Bxf6 gxf6 20. Qf3 Rc7 21.
b3 Qc2 22. Rxf6 d5 23. Qxd5 Qxe2 24. Rf5 Rce7 25. Rc1 Qg4 26. Rf6 Rd7 27. Qb5
Kg7 28. Rfc6 Qf5 29. Qe2 Red8 30. R6c4 Rd2 31. Qg4+ Qxg4 32. Rxg4+ Kf6 33. Rc6+
R8d6 34. Rgc4 Rxc6 35. Rxc6+ Kg7 36. a4 Rd3 37. b4 Ra3 38. a5 bxa5 39. bxa5 Rxa5
40. g4 Ra4 41. h3 f6 42. Kg2 Ra3 43. f3 Kg6 44. h4 h6 45. Kf2 Ra1 46. Kg3 Rg1+
47. Kf2 Ra1 48. Kg3 Rg1+ 49. Kf2 1/2-1/2

[Event "SportAccord Basque 2014"]
[Site "Beijing CHN"]
[Date "2014.12.16"]
[Round "3.8"]
[White "Leko, Peter"]
[Black "Gelfand, Boris"]
[Result "1/2-1/2"]
[WhiteTitle "GM"]
[BlackTitle "GM"]
[WhiteElo "2723"]
[BlackElo "2743"]
[WhiteFideId "703303"]
[BlackFideId "2805677"]
[EventDate "2014.12.16"]

1. Nf3 d5 2. d4 Nf6 3. c4 c6 4. Nc3 e6 5. e3 Nbd7 6. Qc2 Bd6 7. Be2 O-O 8. O-O
e5 9. cxd5 cxd5 10. Nb5 Bb8 11. dxe5 Nxe5 12. Nxe5 Bxe5 13. Bd2 a6 14. Nd4 Ne4
15. Bd3 Re8 16. Rac1 Qb6 17. Bc3 Bd7 18. Nf3 Bxc3 19. bxc3 Nf6 20. c4 dxc4 21.
Bxc4 Be6 22. Nd4 Bxc4 23. Qxc4 Qa5 24. Qb3 Qd5 25. Rc7 b5 26. Rfc1 Qxb3 27. axb3
Nd5 28. Rd7 Red8 29. Rxd8+ Rxd8 30. h3 Kf8 31. Kf1 g6 32. Rc6 Nb4 33. Rc7 Nd5
34. Ra7 Nb4 35. Ke2 Rc8 36. Kd2 h5 37. g4 hxg4 38. hxg4 Rc5 39. f4 Rc8 40. g5
Re8 41. Rd7 Re7 42. Rd8+ Re8 43. Rd7 Re7 44. Rd6 Re8 45. Rd7 Re7 46. Rd8+ Re8 1/2-1/2

[Event "SportAccord Basque 2014"]
[Site "Beijing CHN"]
[Date "2014.12.16"]
[Round "3.9"]
[White "Wang, Hao"]
[Black "Vachier-Lagrave, Maxime"]
[Result "1/2-1/2"]
[WhiteTitle "GM"]
[BlackTitle "GM"]
[WhiteElo "2710"]
[BlackElo "2758"]
[WhiteFideId "8602883"]
[BlackFideId "623539"]
[EventDate "2014.12.16"]

1. d4 Nf6 2. c4 g6 3. Nc3 d5 4. Nf3 Bg7 5. Qb3 dxc4 6. Qxc4 O-O 7. e4 Nc6 8. Be2
e5 9. d5 Nd4 10. Nxd4 exd4 11. Qxd4 c6 12. d6 Re8 13. Qd3 b5 14. f3 Re6 15. Be3
Rxd6 16. Qc2 Nh5 17. O-O Bd4 18. Qc1 b4 19. Bxd4 Rxd4 20. Na4 Qd6 21. Rd1 Nf4
22. Bf1 c5 23. Rxd4 Qxd4+ 24. Kh1 Ne6 25. Bc4 Bd7 26. Bxe6 Bxe6 27. Qxc5 Qd2 28.
h3 Rc8 29. Qxa7 Rc2 30. Qb8+ Kg7 31. Qg3 Qd7 32. b3 Qd4 33. Qe1 Qe5 34. Qg1 h5
35. Rf1 Qg3 36. Qh2 h4 37. Ra1 Qf2 38. Qg1 Qg3 39. Qh2 Kh7 40. Nb6 Rd2 41. Rc1
Rxa2 42. Nd5 Bxd5 43. exd5 Rd2 44. Qg1 Rxd5 45. Rc4 Re5 46. Rg4 Re1 47. Rxg3
Rxg1+ 48. Kxg1 hxg3 49. Kf1 g5 50. Ke2 Kg6 51. Ke3 Kf5 52. Kd3 Ke5 53. Kc4 Kf4
54. Kd4 Kf5 55. Ke3 Ke5 56. f4+ gxf4+ 57. Kf3 Kf5 58. h4 Ke5 59. h5 Kf5 60. h6
Kg6 61. Kxf4 Kxh6 62. Kxg3 Kg5 63. Kf3 Kf5 64. g3 Kg5 65. g4 f5 66. gxf5 1/2-1/2

[Event "SportAccord Basque 2014"]
[Site "Beijing CHN"]
[Date "2014.12.16"]
[Round "3.10"]
[White "Vachier-Lagrave, Maxime"]
[Black "Wang, Hao"]
[Result "1-0"]
[WhiteTitle "GM"]
[BlackTitle "GM"]
[WhiteElo "2758"]
[BlackElo "2710"]
[WhiteFideId "623539"]
[BlackFideId "8602883"]
[EventDate "2014.12.16"]

1. d4 Nf6 2. c4 e6 3. Nf3 d5 4. Nc3 dxc4 5. e4 Bb4 6. Bxc4 Nxe4 7. O-O Nxc3 8.
bxc3 Be7 9. Ne5 O-O 10. Qf3 Nd7 11. Rd1 Bd6 12. Bf4 Qe7 13. Bd3 Bxe5 14. dxe5 f5
15. exf6 Qxf6 16. Bxc7 Qxf3 17. gxf3 Rxf3 18. Rab1 Nb6 19. c4 Rf7 20. Bd6 Na4
21. Rb4 Nc3 22. Rd2 Rd7 23. c5 Nd5 24. Rh4 g6 25. Bc4 Kg7 26. Re2 Nc7 27. Rd4
Kf7 28. Rf4+ Kg7 29. Rd4 Kf7 30. Rf4+ Kg7 31. Bxe6 Rxd6 32. Rf7+ Kh6 33. cxd6
Nxe6 34. d7 Bxd7 35. Rxd7 Nf4 36. Ree7 Rc8 37. Rc7 Rd8 38. Rcd7 Rc8 39. Rc7 Rd8
40. Rxh7+ Kg5 41. Rhd7 Re8 42. Kf1 Rh8 43. Rxb7 Rxh2 44. Ke1 a6 45. Rb3 Rh1+ 46.
Kd2 Ra1 47. Rg3+ Kh6 48. Ra3 Ne6 49. Re7 Nc5 50. Rh3+ 1-0

[Event "SportAccord Basque 2014"]
[Site "Beijing CHN"]
[Date "2014.12.16"]
[Round "3.11"]
[White "Wang, Yue"]
[Black "Ivanchuk, Vassily"]
[Result "1/2-1/2"]
[WhiteTitle "GM"]
[BlackTitle "GM"]
[WhiteElo "2720"]
[BlackElo "2704"]
[WhiteFideId "8601429"]
[BlackFideId "14100010"]
[EventDate "2014.12.16"]

1. d4 Nf6 2. Nf3 e6 3. c4 Bb4+ 4. Bd2 Qe7 5. g3 Bxd2+ 6. Qxd2 Nc6 7. Nc3 d5 8.
Bg2 dxc4 9. O-O O-O 10. Rfd1 Rd8 11. Qg5 Nd5 12. Qxe7 Ncxe7 13. Ne5 Nb6 14. e3
f6 15. Nf3 Bd7 16. Nd2 Bc6 17. Bf1 Ned5 18. Nxc4 Nxc3 19. bxc3 Nxc4 20. Bxc4 Kf7
21. Kf1 Bf3 22. Be2 Bxe2+ 23. Kxe2 Ke7 24. a4 c5 25. Rdb1 Rd7 26. Rb5 Rc8 27.
Rab1 cxd4 28. cxd4 Rcc7 29. h4 b6 30. a5 bxa5 31. Rxa5 f5 32. Kf3 h5 33. Rba1
Kf6 34. Ra6 g6 35. R1a5 Rb7 36. Kf4 Rb2 37. f3 Rb4 38. Rc6 Re7 39. Rd6 Rc4 40.
Raa6 Rb4 41. e4 fxe4 42. fxe4 Kf7 43. Ra5 Rb3 44. Rda6 Rd3 45. Ke5 Rxg3 46. Rxa7
Rg4 47. Rxe7+ Kxe7 48. Ra6 Kf7 49. Rxe6 Rxe4+ 50. Kxe4 Kxe6 51. Kf4 Kd5 52. Ke3
Kd6 53. Ke4 Ke6 54. d5+ Kd6 55. Kd4 Kd7 56. Ke3 Kd6 57. Ke4 Kd7 58. Kf4 Kd6 59.
Ke4 Kd7 60. Ke5 Ke7 61. d6+ Kd7 62. Kd5 g5 63. hxg5 h4 64. Ke4 Kxd6 65. Kf4 Ke6
66. Kg4 Kf7 67. Kxh4 1/2-1/2

[Event "SportAccord Basque 2014"]
[Site "Beijing CHN"]
[Date "2014.12.16"]
[Round "3.12"]
[White "Ivanchuk, Vassily"]
[Black "Wang, Yue"]
[Result "1/2-1/2"]
[WhiteTitle "GM"]
[BlackTitle "GM"]
[WhiteElo "2704"]
[BlackElo "2720"]
[WhiteFideId "14100010"]
[BlackFideId "8601429"]
[EventDate "2014.12.16"]

1. d4 Nf6 2. c4 e6 3. Nc3 Bb4 4. Bg5 h6 5. Bh4 c5 6. d5 Bxc3+ 7. bxc3 d6 8. Nf3
e5 9. Qc2 Nbd7 10. Nd2 Nf8 11. f3 Qe7 12. e3 Ng6 13. Bg3 e4 14. Nxe4 Nxe4 15.
Qxe4 Qxe4 16. fxe4 Ke7 17. Bd3 h5 18. h4 Ne5 19. Be2 f6 20. Bxe5 fxe5 21. Kd2
Bd7 22. Raf1 Raf8 23. Rf3 g6 24. Rhf1 b6 25. Bd1 Rhg8 26. Rxf8 Rxf8 27. Rxf8
Kxf8 1/2-1/2

[Event "SportAccord Basque 2014"]
[Site "Beijing CHN"]
[Date "2014.12.16"]
[Round "3.15"]
[White "Wojtaszek, Radoslaw"]
[Black "Bacrot, Etienne"]
[Result "1/2-1/2"]
[WhiteTitle "GM"]
[BlackTitle "GM"]
[WhiteElo "2744"]
[BlackElo "2718"]
[WhiteFideId "1118358"]
[BlackFideId "605506"]
[EventDate "2014.12.16"]

1. d4 Nf6 2. c4 e6 3. Nf3 b6 4. Nc3 Bb7 5. a3 d5 6. cxd5 Nxd5 7. Qc2 Be7 8. e4
Nxc3 9. bxc3 O-O 10. Bd3 c5 11. O-O h6 12. Rd1 cxd4 13. cxd4 Nc6 14. Bb2 Rc8 15.
Qe2 Na5 16. d5 exd5 17. exd5 Bf6 18. Ne5 Bxd5 19. Bf5 Rc5 20. Nd7 Bxb2 21. Qxb2
Qg5 22. Bh3 Bb3 23. Nxf8 Bxd1 24. Ne6 Qe5 25. Rxd1 Qxb2 26. Rd8+ Kh7 27. Nf8+
Kg8 28. Ne6+ Kh7 1/2-1/2

[Event "SportAccord Basque 2014"]
[Site "Beijing CHN"]
[Date "2014.12.16"]
[Round "3.16"]
[White "Bacrot, Etienne"]
[Black "Wojtaszek, Radoslaw"]
[Result "0-1"]
[WhiteTitle "GM"]
[BlackTitle "GM"]
[WhiteElo "2718"]
[BlackElo "2744"]
[WhiteFideId "605506"]
[BlackFideId "1118358"]
[EventDate "2014.12.16"]

1. Nf3 d5 2. g3 c6 3. Bg2 Bf5 4. O-O e6 5. b3 Nf6 6. Bb2 Be7 7. d3 h6 8. Nbd2
O-O 9. c4 a5 10. Re1 Bh7 11. e4 dxe4 12. dxe4 Na6 13. Ne5 Nd7 14. Nxd7 Qxd7 15.
Qg4 f6 16. Nf3 Nc5 17. Rad1 Qe8 18. Nd4 Qf7 19. Bh3 e5 20. Ne6 h5 21. Qe2 Nxe6
22. Rd7 Nc5 23. Rc7 0-1

[Event "SportAccord Basque 2014"]
[Site "Beijing CHN"]
[Date "2014.12.17"]
[Round "4.1"]
[White "Harikrishna, Pentala"]
[Black "Nepomniachtchi, Ian"]
[Result "0-1"]
[WhiteTitle "GM"]
[BlackTitle "GM"]
[WhiteElo "2727"]
[BlackElo "2714"]
[WhiteFideId "5007003"]
[BlackFideId "4168119"]
[EventDate "2014.12.16"]

1. d4 Nf6 2. Nf3 g6 3. Bg5 Bg7 4. Nbd2 d5 5. e3 O-O 6. Be2 b6 7. c4 Bb7 8. O-O
Nbd7 9. cxd5 Bxd5 10. Qc2 c5 11. e4 Bb7 12. d5 Qc7 13. a4 Rae8 14. Bc4 e6 15.
dxe6 fxe6 16. Rfe1 Kh8 17. Qb3 Ne5 18. Nxe5 Qxe5 19. Nf3 Qc7 20. Bb5 Bc6 21.
Bxc6 Qxc6 22. Qb5 Qb7 23. Qc4 Nd7 24. Rad1 Qc6 25. b3 h6 26. Bh4 Ne5 27. Nxe5
Bxe5 28. Rd3 Qb7 29. f3 Bd4+ 30. Bf2 e5 31. b4 Qf7 32. Rc1 Qf6 33. bxc5 bxc5 34.
Rb3 Re7 35. a5 Qg5 36. Rcb1 Ref7 37. Kf1 Qf4 38. Rb8 Rxb8 39. Rxb8+ Kg7 40. Bxd4
exd4 41. Rb3 Qd2 42. a6 Qd1+ 43. Kf2 Qd2+ 44. Qe2 Qc1 45. Qb2 Qc4 46. Rb5 h5 47.
Qb3 Qc1 48. Qd5 Qe3+ 49. Kg3 Qf4+ 50. Kh3 g5 51. g3 g4+ 52. fxg4 Qxg4+ 53. Kg2
h4 54. Rb1 h3+ 55. Kg1 Qf3 56. Qg5+ Kh7 57. Qd2 c4 58. e5 c3 59. Qa2 d3 60.
Qxf7+ Qxf7 61. Rb7 Kg6 0-1

[Event "SportAccord Basque 2014"]
[Site "Beijing CHN"]
[Date "2014.12.17"]
[Round "4.2"]
[White "Nepomniachtchi, Ian"]
[Black "Harikrishna, Pentala"]
[Result "1-0"]
[WhiteTitle "GM"]
[BlackTitle "GM"]
[WhiteElo "2714"]
[BlackElo "2727"]
[WhiteFideId "4168119"]
[BlackFideId "5007003"]
[EventDate "2014.12.16"]

1. Nf3 Nf6 2. g3 c5 3. Bg2 g6 4. O-O Bg7 5. c4 O-O 6. Nc3 d6 7. d4 Nc6 8. dxc5
dxc5 9. Be3 Be6 10. Qa4 Nd7 11. Rfd1 Qc8 12. Nd5 Re8 13. Qa3 Nb6 14. Rac1 Ne5
15. b3 Nxf3+ 16. Bxf3 Nd7 17. Bg2 Be5 18. Rc2 Bxd5 19. Rxd5 e6 20. Rd1 Qc7 21.
Rcd2 Red8 22. Qa4 Nf6 23. Qb5 Rxd2 24. Rxd2 Rb8 25. Qxc5 Qxc5 26. Bxc5 b6 27.
Bb4 a5 28. Be7 Re8 29. Rd8 Rxd8 30. Bxd8 Nd7 31. c5 bxc5 32. Bxa5 Kf8 33. e3 Ke7
34. Kf1 Nb8 35. Ke2 Na6 36. a3 Kd6 37. Kd3 Bb2 38. Bb7 Nb8 39. a4 Nd7 40. f4 Bc1
41. Bc3 Kc7 42. Ba6 Nb6 43. e4 f5 44. Be5+ Kd8 45. a5 Nd7 46. Bc3 g5 47. fxg5
Bxg5 48. Bc4 Nf6 49. exf5 exf5 50. a6 Kc7 51. Ba5+ Kb8 52. Bb6 Nd7 53. a7+ 1-0

[Event "SportAccord Basque 2014"]
[Site "Beijing CHN"]
[Date "2014.12.17"]
[Round "4.3"]
[White "Dominguez Perez, Leinier"]
[Black "Grischuk, Alexander"]
[Result "0-1"]
[WhiteTitle "GM"]
[BlackTitle "GM"]
[WhiteElo "2726"]
[BlackElo "2810"]
[WhiteFideId "3503240"]
[BlackFideId "4126025"]
[EventDate "2014.12.16"]

1. c4 c5 2. g3 g6 3. Bg2 Bg7 4. Nc3 Nc6 5. Rb1 d6 6. e3 Bxc3 7. bxc3 f5 8. d3
Nf6 9. f3 b6 10. Ne2 Bb7 11. e4 Qd7 12. O-O O-O-O 13. Bg5 Ne8 14. Qd2 Nc7 15.
Rbe1 Rde8 16. Bh6 e5 17. Bh3 Kb8 18. Qg5 Ne6 19. Qd2 Ne7 20. f4 Qc6 21. Bg2 Ng8
22. fxe5 dxe5 23. Be3 Ne7 24. Bg5 Rhf8 25. Rf2 Qd6 26. Bxe7 Rxe7 27. Ref1 Ref7
28. exf5 Bxg2 29. Kxg2 gxf5 30. Ng1 0-1

[Event "SportAccord Basque 2014"]
[Site "Beijing CHN"]
[Date "2014.12.17"]
[Round "4.4"]
[White "Grischuk, Alexander"]
[Black "Dominguez Perez, Leinier"]
[Result "0-1"]
[WhiteTitle "GM"]
[BlackTitle "GM"]
[WhiteElo "2810"]
[BlackElo "2726"]
[WhiteFideId "4126025"]
[BlackFideId "3503240"]
[EventDate "2014.12.16"]

1. c4 c5 2. e3 Nf6 3. d4 g6 4. Nc3 Bg7 5. d5 O-O 6. Nf3 e6 7. Bd3 exd5 8. cxd5
d6 9. h3 Na6 10. O-O Nc7 11. e4 b5 12. a3 Rb8 13. Re1 Re8 14. Bf4 a5 15. b4 axb4
16. axb4 cxb4 17. Na2 Ra8 18. Qc2 Nfxd5 19. exd5 Bxa1 20. Rxa1 Qf6 21. Qxc7
Qxa1+ 22. Nc1 b3 23. Kh2 b2 24. Nb3 b1=Q 25. Bxb1 Qxb1 26. Nbd4 Qe4 27. Qxd6 Bb7
28. Nxb5 Qxd5 29. Qf6 Qe6 30. Qc3 Bxf3 31. Qxf3 Qe4 32. Qg3 Ra4 33. Bc7 Qe1 34.
Nd6 Re7 35. Bd8 Ra1 36. Qf4 Qe5 37. Qxe5 Rxe5 38. Bf6 Rae1 39. Bxe5 Rxe5 40. Nc4
Rc5 41. Ne3 Kg7 42. g4 Kf6 43. Kg3 Ke5 44. Kf3 Rc3 45. g5 Rb3 46. h4 Ra3 47. Kg4
Rxe3 48. fxe3 Ke4 49. Kh3 Kf3 50. e4 Kf4 51. e5 0-1

[Event "SportAccord Basque 2014"]
[Site "Beijing CHN"]
[Date "2014.12.17"]
[Round "4.8"]
[White "Leko, Peter"]
[Black "Wang, Yue"]
[Result "1/2-1/2"]
[WhiteTitle "GM"]
[BlackTitle "GM"]
[WhiteElo "2723"]
[BlackElo "2720"]
[WhiteFideId "703303"]
[BlackFideId "8601429"]
[EventDate "2014.12.16"]

1. e4 e5 2. Nf3 Nf6 3. Nxe5 d6 4. Nf3 Nxe4 5. Nc3 Nxc3 6. dxc3 Nc6 7. Be3 Be7 8.
Qd2 Be6 9. O-O-O Qd7 10. h4 h6 11. b3 Bf6 12. Nd4 Bxd4 13. Bxd4 f6 14. Re1 O-O
15. f3 Rae8 16. Be3 h5 17. Kb2 Re7 18. Bf2 Rfe8 19. Be2 a6 20. Rhg1 Ne5 21. Rd1
b5 22. Rge1 Bf7 23. Bf1 Qf5 24. Re3 Nc6 25. Bd3 Qd7 26. Rxe7 Nxe7 27. Re1 Ng6
28. Rxe8+ Qxe8 29. Bg3 Ne7 30. Qe3 Kf8 31. Bf2 Bg6 32. Bf1 Bf7 33. Qa7 Qc8 34.
Qe3 Nd5 35. Qe4 Ne7 36. Qe3 Nd5 37. Qe4 Ne7 38. Qe3 1/2-1/2

[Event "SportAccord Basque 2014"]
[Site "Beijing CHN"]
[Date "2014.12.17"]
[Round "4.11"]
[White "Wojtaszek, Radoslaw"]
[Black "Aronian, Levon"]
[Result "1/2-1/2"]
[WhiteTitle "GM"]
[BlackTitle "GM"]
[WhiteElo "2744"]
[BlackElo "2797"]
[WhiteFideId "1118358"]
[BlackFideId "13300474"]
[EventDate "2014.12.16"]

1. d4 Nf6 2. c4 g6 3. f3 d5 4. cxd5 Nxd5 5. e4 Nb6 6. Nc3 Bg7 7. Be3 O-O 8. Qd2
Be6 9. O-O-O Bc4 10. Nge2 e5 11. dxe5 Qxd2+ 12. Rxd2 Bxe5 13. b3 Bxe2 14. Nxe2
Nc6 15. f4 Bg7 16. Nd4 Bxd4 17. Bxd4 Rfe8 18. e5 Nxd4 19. Rxd4 Rad8 20. Rxd8
Rxd8 21. Be2 f6 22. exf6 Kf7 23. Bf3 c6 24. Rd1 Rxd1+ 25. Kxd1 Kxf6 26. Kd2 Ke6
27. g3 Nd5 28. a3 c5 29. a4 b6 30. Kd3 Kd6 31. Bg2 Nb4+ 32. Kc3 Nd5+ 33. Kd3
Nb4+ 34. Kc3 Nd5+ 1/2-1/2